| 000 | 00960cam a2200265 a 4500 | ||
|---|---|---|---|
| 020 | _a9780821357781 | ||
| 020 | _a0821357786 | ||
| 020 | _a9780821357798 | ||
| 020 | _a0821357794 | ||
| 040 | _cDLC | ||
| 082 | 0 | 0 | _a339 WOR 2008 A073 Or. |
| 245 | 0 | 4 |
_aThe impact of macroeconomic policies on poverty and income distribution : _bmacro-micro evaluation techniques and tools / |
| 260 |
_aHoundmills, Basingstoke, Hampshire ; _aNew York : _bPalgrave Macmillan ; _aWashington, DC : _bWorld Bank, _cc2008. |
||
| 300 |
_axviii, 338 p. : _bill. ; _c24 cm. |
||
| 650 | 0 | _aEconomic assistance | |
| 650 | 0 | _aPoverty. | |
| 650 | 0 | _aIncome distribution. | |
| 650 | 0 | _aEconomic assistance | |
| 700 | 1 | _aBourguignon, François. | |
| 700 | 1 | _aBussolo, Maurizio, | |
| 700 | 1 | _aSilva, Luiz A. Pereira da. | |
| 856 | 4 | 1 | _uhttp://www.loc.gov/catdir/toc/ecip081/2007040478.html |
| 856 | 4 | 2 | _uhttps://www.loc.gov/catdir/enhancements/fy1609/2007040478-d.html |
| 942 | _cEK | ||
| 999 |
_c15026 _d15026 |
||